000 00838nam a2200289 i 4500
001 C2-0339290
003 PPAK
005 20180728141501.0
008 161207s2012 my a|||| ||||| | eng d
020 _a9789675601217
040 _aPPAK
_beng
_cPPAK
_erda
082 0 4 _a823
_223
090 0 0 _a823
_bNOR
_dK
100 0 _aNor Azizul Harun,
_d1970-
_eauthor
245 1 0 _aJapanese colonization
264 1 _aSubang Jaya, Selangor :
_bExcellent Book Distributors ,
_c2012
300 _a22 pages :
_bcolour illustrations ;
_c21 cm
336 _2rdacontent
_atext
337 _2rdamedia
_aunmediated
338 _2rdacarrier
_avolume
490 1 _aYoung patriotic series
500 _aIncludes summary pages
650 1 0 _aHistorical fiction, English.
700 _eauthor
830 0 _aYoung patriotic series
942 _ddc
_cB
999 _c136566
_d136566